000 00307nam a22001337a 4500
020 _a08213-50870
082 _222
_a339.31022321
100 _aNA
245 _a2002 world bank atlas /
250 _a3rd
260 _bWashigton the World Bank,
_cc 2002.
300 _a64 p, ;
_bNA
_c24 cm.
942 _2ddc
_cGEN
999 _c3895
_d3895